Sú na vrchole blaženosti
Takmer každá slovenská domácnosť má za posledných 12 mesiacov skúsenosť s privátnymi značkami. Súčasný spotrebiteľ je oveľa citlivejší na ceny. Slováci nakupujú pod privátnou značkou viac potraviny. Dôležitosť dôvery k obchodnému reťazcu, ktorý výrobky privátnej značky distribuuje. Obchodné reťazce...
Uložené v:
| Hlavný autor: | |
|---|---|
| Médium: | Kapitola |
| Jazyk: | Serbian |
| Predmet: | |
| Tagy: |
Žiadne tagy, Buďte prvý, kto otaguje tento záznam!
|
MARC
| LEADER | 00000naa$a2200000$$$4500 | ||
|---|---|---|---|
| 001 | 0097390 | ||
| 005 | 20231128093857.1 | ||
| 041 | 0 | |a srp | |
| 044 | |a SK | ||
| 245 | 1 | 0 | |a Sú na vrchole blaženosti |c Andrea Hinková-Dibarborová |
| 520 | |a Takmer každá slovenská domácnosť má za posledných 12 mesiacov skúsenosť s privátnymi značkami. Súčasný spotrebiteľ je oveľa citlivejší na ceny. Slováci nakupujú pod privátnou značkou viac potraviny. Dôležitosť dôvery k obchodnému reťazcu, ktorý výrobky privátnej značky distribuuje. Obchodné reťazce budú privátne značky podporovať. Spotrebný tovar klesá. | ||
| 610 | 2 | 0 | |a značky maloobchodné |
| 610 | 2 | 0 | |a domácnosti |
| 610 | 2 | 0 | |a Slovensko |
| 100 | 1 | |a Hinková-Dibarborová, Andrea | |